000 00484nam a2200217Ia 4500
001 13692
003 GE_BSU
008 181216s||||||||xx |||||||||||||| ||und||
020 _a0412379708
040 _cGE_BSU
080 _a575
100 _aBrown,T.A.
245 _aGenetics a molecular approach.
260 _aNew York.
260 _bChapman and hall.
260 _c1989
300 _a387p;25cm.
300 _bill.
653 _aGenetics a molecular approach.
942 _cBK
999 _c46840
_d46840